Estatísticas para Quiz da Coreia do Norte

Clique aqui para jogar o quiz

Estatísticas Gerais

  • Esse quiz foi jogado 1 042 vezes
  • A pontuação média é 10 de 21

Estatísticas das Respostas

DicaResposta% Correto
Tecnicamente, a Coreia do Norte ainda está em guerra com este paísCoreia do Sul
92%
CapitalPyongyang
89%
A Coreia do Norte tem uma pequena fronteira de 17 km com este paísRússia
77%
A Coréia do Norte gasta cerca de 13 a 23% de seu PIB no seu ...Exército
69%
Líderes Supremos da Coreia do NorteKim {Jong}-{un}
69%
A Coreia do Norte testou estes pela primeira vez em 2006Bomba Nuclear
59%
Em 2011, a constituição norte-coreana foi emendada para remover referências a este "ismo"{Comun}ismo
48%
Com capacidade para 114.000 pessoas, o _____ Primeiro de Maio Rungrado
é o maior ______ do mundo
Estádio
46%
Desastre que atingiu a Coreia do Norte de 1994 a 1998Grande Fome
43%
Líderes Supremos da Coreia do NorteKim {Jong}-{il}
42%
O que ZDM significaZona Desmilitarizada
42%
Líderes Supremos da Coreia do NorteKim {Il}-{sung}
40%
Cidade estrangeira onde estão localizadas a maioria das embaixadas da Coreia do NortePequim
37%
"Religião" oficial da Coreia do NorteAteísmo
35%
A Coreia do Norte tem cerca de 200.000 desses - milhares dos quais morrem cada anoPrisioneiros {Políticos}
33%
Mar entre a Coreia do Norte e a ChinaMar Amarelo
31%
O edifício mais alto da Coreia do Norte, ainda inacabado após 33 anos de construção{Hotel} Ryugyong
24%
Ideologia oficial do Estado (começa com J)Juche
22%
Jogador de basquete americano que é amigo do líder da Coreia do NorteDennis Rodman
20%
Em 1978, a Coreia do Norte sequestrou Shin Sang-ok e Choi Eun-hee e
os forçou a fazer isso
Filmes
17%
Apelido da Coreia do Norte, devido ao seu isolamento de outros paísesReino {Eremita}
17%

Distribuição das Pontuações

Percentil de Números Respondidos

Porcentagem de Pessoas com Cada Pontuação

Sua Pontuação Histórica

Você não jogou esse quiz